00409nam a2200145Ia 4500003000400000005001700004008004100021020001800062040000900080082002100089100003300110245006800143260004300211300000900254OSt20200606113015.0190216s9999||||xx |||||||||||||| ||und|| a9788178242569 coclc a322.10954bNEE/C aNeedham, Anuradha Dingwaney  4aThe Crisis Of Secularism In India /cAnuradha Dingwaney Needham bPermanent Black Pub,c2009.aRanikhet: a411p